| 000 | 00361nam a2200133Ia 4500 | ||
|---|---|---|---|
| 008 | 211118s9999||||xx |||||||||||||| ||und|| | ||
| 082 |
_a894.81207 _bKAR-M |
||
| 100 | _aKarassery, M N | ||
| 245 | 0 | _aMararude Kurushethram | |
| 260 |
_bSimon & Schuster _aNew Delhi _c1998 |
||
| 630 | _xGeneral Stack | ||
| 650 |
_aMalayalam Literature _vMalayalam |
||
| 942 | _cBOOK | ||
| 999 |
_c101163 _d101163 |
||